00353 a2200133 4500003000400000005001700004008004100021020001800062040000900080082001500089245007400104260003300178300000800211OSt20240108144534.0240108b |||||||| |||| 00| 0 eng d a9789382581543 coclc a297bALK/N aNalu Imamukalude Vishvasam /cDr. Muhammad Bin AbdirRahman Al Khamees aKerala:bDa'wa Books,c2014. a78p